|
|
|
|
| LEADER |
00000nam0a2200000 4500 |
| 001 |
109778 |
| 005 |
20231031120146.0 |
| 035 |
|
|
|a (RuTPU)RU\TPU\book\118543
|
| 090 |
|
|
|a 109778
|
| 100 |
|
|
|a 20070213d1986 m y0rusy50 ca
|
| 101 |
1 |
|
|a rus
|c ger
|
| 102 |
|
|
|a RU
|
| 105 |
|
|
|a a g 000zy
|
| 200 |
1 |
|
|a Наш дом
|e справочное пособие по строительству и оборудованию
|e пер. с нем.
|f Ф. Годеман [и др.]
|
| 210 |
|
|
|a Москва
|c Стройиздат
|d 1986
|
| 215 |
|
|
|a 270 с.
|c ил.
|
| 610 |
1 |
|
|a справочные пособия
|
| 610 |
1 |
|
|a строительство
|
| 610 |
1 |
|
|a оборудование
|
| 610 |
1 |
|
|a строение
|
| 610 |
1 |
|
|a отделочные материалы
|
| 610 |
1 |
|
|a отделочные работы
|
| 610 |
1 |
|
|a столярные работы
|
| 610 |
1 |
|
|a стекольные работы
|
| 610 |
1 |
|
|a воды
|
| 610 |
1 |
|
|a домашнее хозяйство
|
| 610 |
1 |
|
|a строительные материалы
|
| 610 |
1 |
|
|a размещение
|
| 610 |
1 |
|
|a транспортные средства
|
| 610 |
1 |
|
|a противопожарные мероприятия
|
| 675 |
|
|
|a 64(08)
|v 3
|
| 701 |
|
1 |
|a Годеман
|b Ф.
|
| 701 |
|
1 |
|a Поллок
|b Г.
|
| 701 |
|
1 |
|a Табель
|b В.
|
| 701 |
|
1 |
|a Шонбург
|b К.
|
| 701 |
|
1 |
|a Геркоммер
|b К.
|
| 801 |
|
1 |
|a RU
|b 63413507
|c 20070213
|g PSBO
|
| 801 |
|
2 |
|a RU
|b 63413507
|c 20080317
|g PSBO
|
| 942 |
|
|
|c BK
|